Najlepsi Czescy Piłkarze w FIFA 21 - Statystyki

Ogólne statystyki
  • Ten quiz został rozwiązany 140 razy
  • Średni wynik to 5 z 17
Statystyki odpowiedzi
Ocena Ogólna Nazwisko Zawodnika % Poprawnych
Ikona Peter Cech
95%
Ikona Pavel Nedvěd
93%
81 Tomáš Souček
73%
78 Patrik Schick
55%
78 Vladimír Coufal
44%
82 Jiří Pavlenka
38%
82 Tomáš Vaclík
38%
75 Lukáš Masopust
14%
80 Pavel Kadeřábek
14%
77 Vladimír Darida
14%
78 Ondřej Kolář
11%
75 Antonín Barák
10%
76 Theodor Gebre Selassie
9%
78 Jan Bořil
8%
76 Petr Ševčík
5%
78 Filip Novák
4%
75 Bořek Dočkal
2%
Nie znaleziono quizów pasujących do podanych kryteriów
Rozkład punktacji
Procent ludzi z każdym wynikiem
Percentyl według liczby udzielonych odpowiedzi
Twoja historia wyników
Nie rozwiązałeś tego quizu